| 000 | 01322cam a2200373 i 4500 | ||
|---|---|---|---|
| 005 | 20260322212047.0 | ||
| 008 | data | ||
| 010 | _a 79088621 | ||
| 020 |
_a0873582039 : _c{dollar}16.50 |
||
| 020 | _a087358208X (pbk.) | ||
| 020 |
_a9780873582032 : _c{dollar}16.50 |
||
| 020 | _a9780873582087 (pbk.) | ||
| 040 |
_aDLC _cDLC _dDLC |
||
| 041 | 0 | _aenggerspa | |
| 043 | _an-usp-- | ||
| 050 | 0 | 0 |
_aNK4695.S26 _bM66 |
| 082 | 0 | 0 | _a738.8/2/0979 |
| 092 | _a738.8 M66 1979 | ||
| 100 | 1 | _aMonthan, Guy. | |
| 245 | 1 | 0 |
_aNacimientos : _bnativity scenes by Southwest Indian artisans = Weihnachtskrippen von indianischen Kunsthandwerkern des Südwestens = Nacimientos hechos por artistas indios del Suroeste / _cGuy Monthan & Doris Born Monthan. |
| 250 | _a1st ed. | ||
| 260 |
_aFlagstaff, Ariz. : _bNorthland Press, _cc1979. |
||
| 300 |
_axiv, 93 p. : _bill. ; _c24 cm. |
||
| 500 | _aEnglish, German, and Spanish. | ||
| 500 | _aIncludes index. | ||
| 504 | _aBibliography: p. 91-92. | ||
| 650 | 0 |
_aSantos (Art) _zSouthwest, New. |
|
| 650 | 0 |
_aCrèches (Nativity scenes) _zSouthwest, New. |
|
| 650 | 0 |
_aIndian pottery _zSouthwest, New. |
|
| 700 | 1 |
_aMonthan, Doris Born, _d1924- _ejoint author. |
|
| 906 |
_a7 _bcbc _corignew _d2 _eopcn _f19 _gy-gencatlg |
||
| 991 |
_bc-GenColl _hNK4695.S26 _iM66 _tCopy 1 _wBOOKS |
||
| 001 | data | ||
| 999 |
_c1111 _d1111 |
||